Computer For Nurses (Record no. 153193)

MARC details
000 -LEADER
fixed length control field 00366nam a2200145Ia 4500
008 - FIXED-LENGTH DATA ELEMENTS--GENERAL INFORMATION
fixed length control field 230411s9999 xx 000 0 und d
020 ## - INTERNATIONAL STANDARD BOOK NUMBER
International Standard Book Number 81-7473-254-3
041 ## - LANGUAGE CODE
Language code of text/sound track or separate title eng
082 ## - DEWEY DECIMAL CLASSIFICATION NUMBER
Classification number C/004/JAI/SAK/B01957
100 ## - MAIN ENTRY--PERSONAL NAME
Personal name Jain N & Sakshi M
9 (RLIN) 177140
245 ## - TITLE STATEMENT
Title Computer For Nurses
260 ## - PUBLICATION, DISTRIBUTION, ETC. (IMPRINT)
Name of publisher, distributor, etc. ALLBS
Place of publication, distribution, etc. New Delhi
Date of publication, distribution, etc. 2004
300 ## - PHYSICAL DESCRIPTION
Extent 388p
Holdings
Withdrawn status Lost status Damaged status Not for loan Collection code Home library Current library Date acquired Vendor Cost, normal purchase price Bill number Full call number Barcode Date last seen Cost, replacement price Bill Date Koha item type Original Barcode
      Reference   Smt. Bakul Tambat Institute of Nursing Education Smt. Bakul Tambat Institute of Nursing Education 06/10/2004 B.J.Medical Co-oprative College Stores 125.00 22 C 004 JAI SAK B01957 BTIN-BK-1957 11/04/2023 91.00 06/10/2004 Books B01957